Normal view
MARC view
- Giuseppe Enrie
Entry Personal Name
001 - CONTROL NUMBER
- control field: 35562
003 - CONTROL NUMBER IDENTIFIER
- control field: IT-RoPau
005 - DATE AND TIME OF LATEST TRANSACTION
- control field: 20150726223342.0
008 - FIXED-LENGTH DATA ELEMENTS
- fixed length control field: 150726|| aca||aabn | a|a d
040 ## - CATALOGING SOURCE
- Original cataloging agency: IT-RoPau
- Transcribing agency: IT-RoPau
100 ## - HEADING--PERSONAL NAME
- Personal name: Giuseppe Enrie
670 ## - SOURCE DATA FOUND
- Source citation: Work cat.: (IT-RoPau)27322: Giuseppe Enrie, La Santa Sindone rivelata dalla fotografia. 2a ed.